<?xml version="1.0" encoding="UTF-8"?>
<record
    xmlns:xsi="http://www.w3.org/2001/XMLSchema-instance"
    xsi:schemaLocation="http://www.loc.gov/MARC21/slim http://www.loc.gov/standards/marcxml/schema/MARC21slim.xsd"
    xmlns="http://www.loc.gov/MARC21/slim">

  <leader>02929cam a2200349 a 4500</leader>
  <controlfield tag="001">15904600</controlfield>
  <controlfield tag="005">20100505091051.0</controlfield>
  <controlfield tag="008">090914s2010    enka     b    001 0 eng  </controlfield>
  <datafield tag="010" ind1=" " ind2=" ">
    <subfield code="a">  2009038039</subfield>
  </datafield>
  <datafield tag="020" ind1=" " ind2=" ">
    <subfield code="a">9780521720700 (pbk.)</subfield>
  </datafield>
  <datafield tag="020" ind1=" " ind2=" ">
    <subfield code="a">0521720702 (pbk.)</subfield>
  </datafield>
  <datafield tag="020" ind1=" " ind2=" ">
    <subfield code="a">9780521896146 (hardback)</subfield>
  </datafield>
  <datafield tag="020" ind1=" " ind2=" ">
    <subfield code="a">0521896142 (hardback)</subfield>
  </datafield>
  <datafield tag="040" ind1=" " ind2=" ">
    <subfield code="a">DLC</subfield>
    <subfield code="c">DLC</subfield>
    <subfield code="d">YDX</subfield>
    <subfield code="d">BTCTA</subfield>
    <subfield code="d">YDXCP</subfield>
    <subfield code="d">CDX</subfield>
    <subfield code="d">BWX</subfield>
    <subfield code="d">IAY</subfield>
    <subfield code="d">UKM</subfield>
    <subfield code="d">DLC</subfield>
  </datafield>
  <datafield tag="082" ind1="0" ind2="0">
    <subfield code="a">338.27282</subfield>
    <subfield code="2">22</subfield>
    <subfield code="b">GAM</subfield>
  </datafield>
  <datafield tag="100" ind1="1" ind2=" ">
    <subfield code="a">El-Gamal, Mahmoud A.,</subfield>
    <subfield code="d">1963-</subfield>
    <subfield code="9">28458</subfield>
  </datafield>
  <datafield tag="245" ind1="1" ind2="0">
    <subfield code="a">Oil, dollars, debt, and crises :</subfield>
    <subfield code="b">the global curse of black gold /</subfield>
    <subfield code="c">Mahmoud A. El-Gamal, Amy Myers Jaffe ; foreword by James A. Baker.</subfield>
  </datafield>
  <datafield tag="260" ind1=" " ind2=" ">
    <subfield code="a">Cambridge ;</subfield>
    <subfield code="a">New York :</subfield>
    <subfield code="b">Cambridge University Press,</subfield>
    <subfield code="c">2010.</subfield>
  </datafield>
  <datafield tag="300" ind1=" " ind2=" ">
    <subfield code="a">xiv, 217 p. :</subfield>
    <subfield code="b">ill. ;</subfield>
    <subfield code="c">23 cm.</subfield>
  </datafield>
  <datafield tag="504" ind1=" " ind2=" ">
    <subfield code="a">Includes bibliographical references (p. 210-215) and index.</subfield>
  </datafield>
  <datafield tag="505" ind1="8" ind2=" ">
    <subfield code="a">Machine generated contents note: 1. The challenges of resource curses and globalization; 2. New Middle East: childhood 1973-84 and adolescence 1985-95; 3. Road to the status quo: 1996-2008; 4. Globalization of Middle East dynamics; 5. Dollars and debt: the end of the dollar era?; 6. Motivations to attack or abandon the dollar; 7. Resource curses, global volatility, and crises; 8. Ameliorating the cycle; Conclusion.</subfield>
  </datafield>
  <datafield tag="520" ind1=" " ind2=" ">
    <subfield code="a">"Oil, Dollars, Debt, and Crises studies the causes of the current oil and global financial crisis and shows how America's and the world's growing dependence on oil has created a repeating pattern of banking, currency, and energy-price crises. Unlike other books on the current financial crisis, which have focused on U.S. indebtedness and American trade and economic policy, Oil, Dollars, Debt, and Crises shows the reader a more complex picture in which transfers of wealth to and from the Middle East result in a perfect storm of global asset and financial market bubbles, increased unrest, terrorism and geopolitical conflicts, and eventually rising costs for energy. Only by addressing long-term energy policy challenges in the West, economic development challenges in the Middle East, and the investment horizons of financial market players can policy makers ameliorate the forces that have been causing repeating global economic crises"--Provided by publisher.</subfield>
  </datafield>
  <datafield tag="650" ind1=" " ind2="0">
    <subfield code="a">Petroleum industry and trade.</subfield>
    <subfield code="9">28459</subfield>
  </datafield>
  <datafield tag="650" ind1=" " ind2="0">
    <subfield code="a">Petroleum products</subfield>
    <subfield code="x">Prices.</subfield>
    <subfield code="9">28460</subfield>
  </datafield>
  <datafield tag="650" ind1=" " ind2="0">
    <subfield code="a">Financial crises.</subfield>
    <subfield code="9">28461</subfield>
  </datafield>
  <datafield tag="653" ind1=" " ind2=" ">
    <subfield code="b">pet</subfield>
    <subfield code="c">January2012</subfield>
  </datafield>
  <datafield tag="700" ind1="1" ind2=" ">
    <subfield code="a">Jaffe, Amy.</subfield>
    <subfield code="9">28462</subfield>
  </datafield>
  <datafield tag="856" ind1="4" ind2="2">
    <subfield code="3">Cover image</subfield>
    <subfield code="u">http://assets.cambridge.org/97805217/20700/cover/9780521720700.jpg</subfield>
  </datafield>
  <datafield tag="942" ind1=" " ind2=" ">
    <subfield code="2">ddc</subfield>
    <subfield code="c">BB</subfield>
  </datafield>
  <datafield tag="999" ind1=" " ind2=" ">
    <subfield code="c">16352</subfield>
    <subfield code="d">16352</subfield>
  </datafield>
  <datafield tag="952" ind1=" " ind2=" ">
    <subfield code="0">0</subfield>
    <subfield code="1">0</subfield>
    <subfield code="2">ddc</subfield>
    <subfield code="4">0</subfield>
    <subfield code="7">0</subfield>
    <subfield code="8">Baccah</subfield>
    <subfield code="a">MAIN</subfield>
    <subfield code="b">MAIN</subfield>
    <subfield code="c">1ST</subfield>
    <subfield code="d">2012-01-31</subfield>
    <subfield code="e">purchase</subfield>
    <subfield code="g">190.00</subfield>
    <subfield code="h">13957</subfield>
    <subfield code="l">5</subfield>
    <subfield code="m">9</subfield>
    <subfield code="o">338.27282 GAM</subfield>
    <subfield code="p">000025941</subfield>
    <subfield code="r">2025-07-15 00:00:00</subfield>
    <subfield code="s">2019-10-08</subfield>
    <subfield code="y">BB</subfield>
  </datafield>
</record>
